Responses for Show #4877 - Tuesday, November 22, 2005

Bill MacDonald game 1.

Contestants

[<< previous game]

Bill MacDonald, an attorney from Bonita Springs, Florida

Jeanne McDougall, a communications consultant from San Diego, California

Michael Cramer, a graduate student from Virginia Beach, Virginia (whose 1-day cash winnings total $22,600)

[next game >>]

Jeopardy! Round responses

EUROPE
CLASSIC TV
AMERICAN WOMAN
PRESIDENTIAL FAST FACTS
A BEASTLY CATEGORY
RHYME TIME
    $200 1
Belgium

Michael
    $200 7
(Alex: She was bombed.)

I Love Lucy

Triple Stumper
    $200 14
(Susan B.) Anthony

Bill
    $200 8
Bill Clinton

Michael
    $200 16
a dingo

Jeanne
    $200 4
Bed Head

Michael
    $400 2
Patton

Jeanne
    $400 23
Taxi

Jeanne
    $400 21
Calamity Jane

Michael
    $400 9
Gerald Ford

Triple Stumper
    $400 17
the monkey

Triple Stumper
    $400 13
Lite-Brite

Michael
    $600 3
Sofia

Bill
    $600 24
The Love Boat

Bill
    $600 22
(Amelia) Earhart

Bill
    $600 10
(Bill: Who is John Adams?)
(Michael: Who is Madison?)

Thomas Jefferson

MichaelBill
Triple Stumper
    $600 18
(Alex: And they're still using [*] as part of their advertising.)

the lion

Triple Stumper
    $600 15
(Jeanne: What is Mary Jane?)

Abba-Zaba

Jeanne
Triple Stumper
    $800 5
Strasbourg

Michael
    $800 25
Columbo

Bill
    $800 27
Billie Holiday

Bill
    $800 11
Garfield

Jeanne
    $800 19
(Michael: What is the goat?)
(Bill: What is the yak?)

the horse

MichaelBill
Triple Stumper
    $800 29
Blue's Clues

Michael
    $1000 6
Liechtenstein

Triple Stumper
    $1000 26
All in the Family

Bill
    $1000 28
(Gloria) Steinem

Bill
    $1,200 12
(Jeanne: Who is Abraham Lincoln?)

Harry Truman

Jeanne
    $1000 20
the jaguar

Triple Stumper
    $1000 30
flower power

Michael

Scores at the first commercial break (after clue 15):

Michael Jeanne Bill
$1,200 -$600 $200

Scores at the end of the Jeopardy! Round:

Michael Jeanne Bill
$2,600 $0 $4,200

Double Jeopardy! Round responses

THE CRUSADES
AUSSIE ENTERTAINERS
SCULPTORS
GET A GRIP
ALSO A STATE CAPITAL
SOFT "G"
    $400 1
Lisbon

Bill
    $400 8
(Errol) Flynn

Bill
    $400 3
Michelangelo

Michael
    $400 2
a vise

Michael
    $400 13
Dover

Bill
    $400 20
genre

Bill
    $800 18
Richard I (the Lionhearted)

Jeanne
    $800 9
Nicole Kidman

Michael
    $800 4
(Alexander) Calder

Michael
    $800 28
(Jeanne: What is trigger?)

a pistol grip

MichaelJeanne
    $800 14
Cheyenne

Jeanne
    $800 21
genius

Michael
    $1200 19
Constantinople (or Istanbul)

Michael
    $1200 10
The Wiggles

Bill
    $1200 5
Gutzon Borglum

Triple Stumper
    $1200 30
kung fu

Bill
    $1200 15
Denver

Bill
    $4,000 22
(Michael: [Shakes head])
...
(Alex: And we were thinking of Jermaine Jackson of the Jackson 5.)

germane

Michael
    $1600 25
the Children's Crusade

Michael
    $1600 11
Poppy Montgomery

Triple Stumper
    $1600 6
Donatello

Triple Stumper
    $1600 29
(Jeanne: What is talc?)
(Bill: What is talcum powder?)

chalk

JeanneBill
Triple Stumper
    $4,500 16
Concord

Bill
    $1600 23
Geometric

Triple Stumper
    $2000 24
(Michael: What is a pomegranate?)

a plum

MichaelJeanne
    $2000 12
INXS

Bill
    $2000 7
(Michael: Who is Phidias?)

Praxiteles

Michael
Triple Stumper
    $2000 26
the penholder grip

Triple Stumper
    $2000 17
Olympia

Jeanne
    $2000 27
(Michael: What is a geranium?)

gentian

MichaelJeanne

Scores at the end of the Double Jeopardy! Round:

Michael Jeanne Bill
-$600 $5,200 $14,300
(lock game)

[wagering suggestions for these scores]

Final Jeopardy! Round responses

20th CENTURY BOOKS
JeanneWhat is ?
$200
BillWhat is Fear and Loathing in Las Vegas?
$3,899
Fear and Loathing in Las Vegas (by Hunter Thompson)

Final scores:

Michael Jeanne Bill
-$600 $5,000 $18,199
3rd place: $1,000 2nd place: $2,000 New champion: $18,199

Game dynamics:

Coryat scores:

Michael Jeanne Bill
$3,400 $6,400 $11,400
16 R,
6 W
(including 1 DD)
9 R,
4 W
(including 1 DD)
17 R
(including 1 DD),
3 W

Combined Coryat: $21,200

[game clues] [game scores] [suggest correction]

Game tape date: 2005-08-17
The J! Archive is created by fans, for fans. Scraping, republication, monetization, and malicious use prohibited; this site may use cookies and collect identifying information. See terms. The Jeopardy! game show and all elements thereof, including but not limited to copyright and trademark thereto, are the property of Jeopardy Productions, Inc. and are protected under law. This website is not affiliated with, sponsored by, or operated by Jeopardy Productions, Inc. Join the discussion at JBoard.tv.